<?xml version="1.0" encoding="UTF-8"?>
<record
    xmlns:xsi="http://www.w3.org/2001/XMLSchema-instance"
    xsi:schemaLocation="http://www.loc.gov/MARC21/slim http://www.loc.gov/standards/marcxml/schema/MARC21slim.xsd"
    xmlns="http://www.loc.gov/MARC21/slim">

  <leader>04557cam a22004574i 4500</leader>
  <controlfield tag="003">PE-LiUPU</controlfield>
  <controlfield tag="005">20250731183413.0</controlfield>
  <controlfield tag="008">180725s2017    sp a    r     000 0 spa d</controlfield>
  <datafield tag="020" ind1=" " ind2=" ">
    <subfield code="a">9788461764976</subfield>
  </datafield>
  <datafield tag="035" ind1=" " ind2=" ">
    <subfield code="a">(Sirsi) a249382</subfield>
  </datafield>
  <datafield tag="040" ind1=" " ind2=" ">
    <subfield code="a">PE-LiUPU</subfield>
    <subfield code="b">spa</subfield>
    <subfield code="c">PE-LiUPU</subfield>
    <subfield code="e">rda</subfield>
  </datafield>
  <datafield tag="041" ind1="1" ind2=" ">
    <subfield code="a">spa</subfield>
    <subfield code="a">eng</subfield>
  </datafield>
  <datafield tag="049" ind1=" " ind2=" ">
    <subfield code="a">PRUA</subfield>
  </datafield>
  <datafield tag="082" ind1="0" ind2="4">
    <subfield code="a">724.6</subfield>
    <subfield code="b">S2</subfield>
    <subfield code="2">20</subfield>
  </datafield>
  <datafield tag="245" ind1="0" ind2="0">
    <subfield code="a">SANAA :</subfield>
    <subfield code="b">Sejima &amp; Nishizawa, 1990-2017 /</subfield>
    <subfield code="c">edici&#xF3;n Luis Fernandez Galiano.</subfield>
  </datafield>
  <datafield tag="246" ind1="3" ind2="0">
    <subfield code="a">Sejima and Nishizawa, 1990-2017</subfield>
  </datafield>
  <datafield tag="246" ind1="3" ind2="0">
    <subfield code="a">Sejima y Nishizawa, 1990-2017</subfield>
  </datafield>
  <datafield tag="264" ind1=" " ind2="1">
    <subfield code="a">Madrid :</subfield>
    <subfield code="b">Arquitectura Viva,</subfield>
    <subfield code="c"> 2017.</subfield>
  </datafield>
  <datafield tag="300" ind1=" " ind2=" ">
    <subfield code="a">352 p&#xE1;ginas :</subfield>
    <subfield code="b">ilustraciones ;</subfield>
    <subfield code="c">31 cent&#xED;metros</subfield>
  </datafield>
  <datafield tag="336" ind1=" " ind2=" ">
    <subfield code="a">text</subfield>
    <subfield code="2">rdacontent</subfield>
  </datafield>
  <datafield tag="337" ind1=" " ind2=" ">
    <subfield code="a">unmediated</subfield>
    <subfield code="2">rdamedia</subfield>
  </datafield>
  <datafield tag="338" ind1=" " ind2=" ">
    <subfield code="a">volume</subfield>
    <subfield code="2">rdacarrier</subfield>
  </datafield>
  <datafield tag="505" ind1="0" ind2=" ">
    <subfield code="a">SANAA en sue&#xF1;os -- Cuesti&#xF3;n de maquetas -- Paisaje, tiempo, verbos -- I. Kazuyo Sejima y asociados -- Residencia de mujeres Saishunkan Seiyaku, 1990-1991, Kumamoto (Jap&#xF3;n) -- Edificio de apartamentos Gifu Kitagata, 1994-1998, Gifu (Jap&#xF3;n) -- Casa peque&#xF1;a, 1999-2000, Tokio (Jap&#xF3;n) -- Casa en una huerto con ciruelos, 2001-2003, Tokio (Jap&#xF3;n) -- Pabell&#xF3;n multiusos en Onishi, 2003-2007, Gunma (Jap&#xF3;n) -- Apartamentos  Seijo, 2005-2007, Seijo (Jap&#xF3;n) -- Apartamentos Okurayama, 2006-2008, Yokohama (Jap&#xF3;n) -- Centro Toyota Aizuma, 2006-2010, Aichi (Jap&#xF3;n) -- Pabellones de arte Inujima, 2007-2013, Okayama (Jap&#xF3;n) -- Edificio de oficinas Shibaura, 2008-2011,Tokio (Jap&#xF3;n) -- Casa Nishinoyama, 2009-2013, Kyoto (Jap&#xF3;n) -- Central de la imprenta Yoshida, 2010-2014, Tokio (Jap&#xF3;n) -- II. Oficina de Ryue Nishizawa -- Casa de fin de semana, 1997-1998, Gunma (Jap&#xF3;n) -- Casa Moriyama, 2002-2005, Tokio (Jap&#xF3;n) -- Edificio de apartamentos Eda, 2002, Kanagawa (Jap&#xF3;n) -- Casa A, 2004-2007, Tokio (Jap&#xF3;n) -- Museo de Arte Teshima, 2004-2010, Kagawa (Jap&#xF3;n) -- Centro de arte Towada, 2005-2008, Aomori (Jap&#xF3;n) -- Jard&#xED;n y casa, 2006-2011, Tokio (Jap&#xF3;n) -- Museo Hiroshi Senju Karuizawa, 2007-2011, Nagano (Jap&#xF3;n) -- Casa Terasaki, 2010-2014, Kanagawa (Jap&#xF3;n) -- Casa en Kita-Kamkura, 2010-, Kanagawa (Jap&#xF3;n) -- Pabell&#xF3;n 'cubierta y setas', 2013, Kyoto (Jap&#xF3;n) -- Pabell&#xF3;n Fukita, 2013, Kagawa (Jap&#xF3;n) -- III. SANAA / Sejima y Nishizawa -- Estudio multimedia en Ogaki, 1995-1996, Gifu (Jap&#xF3;n) -- Casa S, 1995-1996, Okayama (Jap&#xF3;n) -- Museo O, 1995-1999, Nagamo (Jap&#xF3;n) -- Park caf&#xE9; en Koga,1996-1998, Ibaraki (Jap&#xF3;n) -- Teatro y centro cultural de Kunstlinie, 1998-2007, Almere, (Pa&#xED;ses Bajos) -- Museo de arte contempor&#xE1;neo de Kanazawa, 1999-2004, Ishikawa (Jap&#xF3;n) -- Pabell&#xF3;n de vidrio del museo de Toledo, 2001-2006, Ohio (Estados Unidos) -- Edificio Dior Omotesando, 2002-2004, Tokio (Jap&#xF3;n) -- Edificio de oficinas para Novartis, 2002-2007, Basilea, (Suiza) -- Nuevo museo de arte contempor&#xE1;neo, 2002-2007, Nueva York (Estados Unidos) -- Ampliaci&#xF3;n del IVAM, 2002, Valencia, (Espa&#xF1;a) -- Escuela de Gesti&#xF3;n y Dise&#xF1;o Zollverein, 2003-2006, Essen, (Alemania) -- Terminal de transbordadores Naoshima, 2003-2006, Kagawa (Jap&#xF3;n) -- Centro de Aprendizaje EPFL, 2005-2012, Lausana, (Suiza) -- Museo Louvre-Lens, 2005-2010, Lens (Francia) -- Edificio para la factor&#xED;a Vitra, 2006-2012, Weil am Rhein, (Alemania) -- Pabell&#xF3;n de la Serpentine Gallery, 2009,  Londres (Reino Unido) -- La Samaritaine, 2010, Par&#xED;s (Francia) -- Grace Farms, 2012-2015, Connecticut (Estados Unidos) -- Campus de la Universidad Bocconi, 2013-, Mil&#xE1;n, (Italia) -- Centro Cultural de Taichung, 2013-, Taichung, (Taiw&#xE1;n) -- Escuela de bellas artes de Bezalel, 2013-, Jerusal&#xE9;n, (Israel) -- Proyecto moderno de Sydney, 2015-, Sydney, (Australia) -- Nueva Galer&#xED;a Nacional, Liget Budapest, 2016-, Budapest, (Hungr&#xED;a).</subfield>
  </datafield>
  <datafield tag="526" ind1=" " ind2=" ">
    <subfield code="a">P158</subfield>
  </datafield>
  <datafield tag="526" ind1=" " ind2=" ">
    <subfield code="a">P146</subfield>
  </datafield>
  <datafield tag="526" ind1=" " ind2=" ">
    <subfield code="a">P17</subfield>
  </datafield>
  <datafield tag="526" ind1=" " ind2=" ">
    <subfield code="a">P12</subfield>
  </datafield>
  <datafield tag="526" ind1=" " ind2=" ">
    <subfield code="a">P06</subfield>
  </datafield>
  <datafield tag="534" ind1=" " ind2=" ">
    <subfield code="p">T&#xED;tulo original :</subfield>
    <subfield code="t">Sustainable architecture</subfield>
  </datafield>
  <datafield tag="541" ind1=" " ind2=" ">
    <subfield code="g">003-002098;</subfield>
  </datafield>
  <datafield tag="650" ind1="0" ind2="4">
    <subfield code="a">Empresas de arquitectura</subfield>
    <subfield code="z">Jap&#xF3;n.</subfield>
  </datafield>
  <datafield tag="650" ind1="0" ind2="4">
    <subfield code="a">Pr&#xE1;ctica de arquitectura, internacional.</subfield>
  </datafield>
  <datafield tag="650" ind1="0" ind2="4">
    <subfield code="a">Arquitectura, Moderna</subfield>
    <subfield code="y">Siglo XXI.</subfield>
  </datafield>
  <datafield tag="650" ind1="0" ind2="4">
    <subfield code="a">Arquitectura, Moderna </subfield>
    <subfield code="y">siglo XX.</subfield>
  </datafield>
  <datafield tag="700" ind1="1" ind2=" ">
    <subfield code="a">Fernandez Galiano, Luis,</subfield>
    <subfield code="d"> 1950-,</subfield>
    <subfield code="e">editor.</subfield>
  </datafield>
  <datafield tag="910" ind1=" " ind2=" ">
    <subfield code="a">dbm</subfield>
    <subfield code="b">csm</subfield>
    <subfield code="c">csm</subfield>
    <subfield code="d">20180725</subfield>
  </datafield>
  <datafield tag="942" ind1=" " ind2=" ">
    <subfield code="2">ddc</subfield>
    <subfield code="c">BOOK</subfield>
  </datafield>
  <datafield tag="994" ind1=" " ind2=" ">
    <subfield code="a">C0</subfield>
    <subfield code="b">PEPRU</subfield>
  </datafield>
  <datafield tag="596" ind1=" " ind2=" ">
    <subfield code="a">1</subfield>
  </datafield>
  <datafield tag="999" ind1=" " ind2=" ">
    <subfield code="a">724.6 S2</subfield>
    <subfield code="w">DEWEY</subfield>
    <subfield code="c">28948</subfield>
    <subfield code="i">79126</subfield>
    <subfield code="d">28948</subfield>
    <subfield code="f">2021-11-10</subfield>
    <subfield code="g">4</subfield>
    <subfield code="l">CCODEBUL1</subfield>
    <subfield code="m">BUL</subfield>
    <subfield code="p">69.66</subfield>
    <subfield code="q">2</subfield>
    <subfield code="r">0</subfield>
    <subfield code="s">Y</subfield>
    <subfield code="t">BOOK</subfield>
    <subfield code="u">2018-7-25</subfield>
    <subfield code="x">INGENIERIA</subfield>
    <subfield code="P">P25</subfield>
    <subfield code="0">COMPRA</subfield>
    <subfield code="1">FCOMPRA</subfield>
    <subfield code="o">.STAFF. Colecci&#xF3;n Ingenier&#xED;a y Arquitectura</subfield>
  </datafield>
  <datafield tag="980" ind1=" " ind2=" ">
    <subfield code="8">1</subfield>
    <subfield code="g">ALBERTO SANCHEZ Responsable de Automatizaci&#xF3;n</subfield>
  </datafield>
  <datafield tag="952" ind1=" " ind2=" ">
    <subfield code="r">2025-12-03 00:00:00</subfield>
    <subfield code="i">5</subfield>
    <subfield code="l">0</subfield>
    <subfield code="o">724.6 S2</subfield>
    <subfield code="p">79126</subfield>
    <subfield code="t">e1</subfield>
    <subfield code="v">74.66</subfield>
    <subfield code="w">2018-07-25</subfield>
    <subfield code="x">FIA</subfield>
    <subfield code="y">BK</subfield>
    <subfield code="z">inventario-2023-12-13</subfield>
    <subfield code="1">0</subfield>
    <subfield code="2">ddc</subfield>
    <subfield code="5">0</subfield>
    <subfield code="7">0</subfield>
    <subfield code="8">GEN</subfield>
    <subfield code="f">P25</subfield>
    <subfield code="a">BUL</subfield>
    <subfield code="b">BUL</subfield>
    <subfield code="c">GEN</subfield>
    <subfield code="d">2018-07-25</subfield>
    <subfield code="e">COMPRA</subfield>
    <subfield code="g">69.66</subfield>
  </datafield>
</record>
